=LDR 00000nam 2200000 4500 =001 000374 =005 20250710030456 =035 ##$$a 0010-0725000233 =007 ta =008 250710################a##########0#ind## =020 ##$$a 987-623-307-164-2 =082 ##$$a 398.209 598 =084 ##$$a 398.209 598 HAS t =100 #$$a Hasas citra adiningsih =245 1#$$a Teman untuk tetangga baru /$c Hasas citra adiningsih =250 ##$$a Cetakan kedua =260 ##$$a Rawamangun :$b Badan pengembangan dan pembinaan bahasa,$c 2019 =300 ##$$a 28 hlm. : $b Ilus. ; $c 29,7cm =650 #4$$a Cerita anak-indonesia =990 ##$$a TBM00930093